Metodický rozbor tematického okruhu č.3 Podnik ako systém záverečná práca

Enregistré dans:
Détails bibliographiques
Auteur principal: Ferenčiková, Oľga
Collectivité auteur: Vysoká škola ekonomická v Bratislave. Národohospodárska fakulta
Autres auteurs: Kontšek, Ján
Format: Livre
Langue:slovaque
Publié: Bratislava 1987
Tags: Ajouter un tag
Pas de tags, Soyez le premier à ajouter un tag!

MARC

LEADER 00000nam a2200000 4500
001 c026075
005 20230116095124.5
041 0 |a slo 
044 |a SK 
245 1 0 |a Metodický rozbor tematického okruhu č.3 Podnik ako systém  |b záverečná práca  |c Oľga Ferenčiková ; Ved. práce Ján Kontšek 
264 1 |a Bratislava  |c 1987 
300 |a 61 s. 
100 1 |a Ferenčiková, Oľga 
700 1 |a Kontšek, Ján 
710 2 |a Vysoká škola ekonomická v Bratislave. Národohospodárska fakulta